| 000 | 00320nam a2200133 i 4500 | ||
|---|---|---|---|
| 001 | bg | ||
| 100 | 1 | _aROSSEL, Jean | |
| 245 | 0 |
_aPrecis de physique experimentale theorique / _cJean Rossel. |
|
| 260 |
_aNeuchatal, _c1975. |
||
| 040 | _cBPK | ||
| 041 | _apol | ||
| 942 | _cKS | ||
| 008 | s pl f |000 0 pol | ||
| 999 |
_c27288 _d27288 |
||
| 856 |
_uhttp://koha.tu.koszalin.pl/cgi-bin/koha/opac-detail.pl?biblionumber=27288 _yKatalog online BPK |
||